Qui sont ces médaillés en ski alpin aux Jeux Olympiques 2026 ? - Statistiques

Statistiques générales
  • Ce quiz a été pris 39 fois
  • Le résultat moyen est 11 sur 16
Statistiques - réponses
Par images Hint Réponse % Correct
Suisse Marco Odermatt
97%
Italie Federica Brignone
92%
Suisse Loic Meillard
86%
Brésil Lucas Pinheiro Braathen
86%
États Unis Mikaela Shiffrin
86%
Suisse Franjo von Allmen
81%
France Romane Miradoli
72%
Italie Dominik Paris
69%
États Unis Breezy Johnson
64%
Allemagne Emma Aicher
64%
Italie Sofia Goggia
64%
Italie Giovanni Franzoni
58%
Suède Sara Hector
58%
Suisse Camille Rast
56%
Autriche Katharina Huber
22%
Autriche Ariane Raedler
11%
Aucun quiz correspondant
Distribution des résultats
% des personnes avec chaque résultat
Percentile par nombre de réponses
Votre historique - résultats
Vous n’avez pas pris ce quiz